000 00611nam a2200181Ia 4500
008 100917s9999 xx 000 0 und d
082 _b2215
100 _aछत्रे वि. सु. , फडके गंगाधरशास्त्री
245 _aअंक गणितीची मूळ पिढीका
260 _b---
_c1850
300 _a280
365 _b0
520 _aगणित
630 _aअंक गणितीची मूळ पिढीका
650 _aगणित
730 _aअंक गणितीची मूळ पिढीका
942 _cBOOK
999 _c607609
_d607606